=LDR 00000nam 2200000 4500 =001 INLIS000000000005652 =005 20251020111751 =035 ##$$a 0010-1025000707 =007 ta =008 251020###########################0#ind## =082 ##$$a 005.74 =084 ##$$a 005.74 BAD s =245 1#$$a Sistem Informasi Manajemen Gerakan Keluarga Berencana Nasional : $b - /$c Badan Koordinasi Keluarga Berencana Nasional =260 ##$$a Jakarta :$b Badan Koordinasi Keluarga Berencana Nasional,$c 1999 =300 ##$$a 15 hal : $b ilus ; $c 21 cm =650 #4$$a Keluarga Berencana =110 #$$a Badan Koordinasi Keluarga Berencana Nasional =856 ##$$a Perpustakaan Kemendukbangga